Business Studies (Record no. 5907)

MARC details
005 - DATE AND TIME OF LATEST TRANSACTION
control field 20250628084315.0
020 ## - INTERNATIONAL STANDARD BOOK NUMBER
International Standard Book Number 0-340-81110-2
082 ## - DEWEY DECIMAL CLASSIFICATION NUMBER
Classification number 650 MAR
100 ## - MAIN ENTRY--PERSONAL NAME
Author name GillESPIE,A
245 ## - TITLE STATEMENT
Title Business Studies
250 ## - EDITION STATEMENT
Edition statement 2nd Ed.
260 ## - PUBLICATION, DISTRIBUTION, ETC.
Place of publication, distribution, etc. London
Name of publisher, distributor, etc. Hodder&stoughton
Date of publication, distribution, etc. 2003
300 ## - PHYSICAL DESCRIPTION
Extent 646p.;ills tables,figures
Other physical details Index
Dimensions 27cm.
942 ## - ADDED ENTRY ELEMENTS (KOHA)
Source of classification or shelving scheme Dewey Decimal Classification
Koha item type Books
Holdings
Date last seen Total checkouts Full call number Barcode Cost, replacement price Price effective from Koha item type Lost status Source of classification or shelving scheme Damaged status Not for loan Withdrawn status Home library Current library Shelving location Date acquired Source of acquisition Cost, normal purchase price
06/28/2025   650 MAR MZA0002878 360000.00 06/28/2008 Books   Dewey Decimal Classification       CBE Mwanza CBE Mwanza General Collection 06/28/2008 Library Budget 120000.00